MARC details
| 000 -LEADER |
| fixed length control field |
04165cam a2200481Ka 4500 |
| 001 - CONTROL NUMBER |
| control field |
ocn646863718 |
| 003 - CONTROL NUMBER IDENTIFIER |
| control field |
OCoLC |
| 005 - DATE AND TIME OF LATEST TRANSACTION |
| control field |
20210303085422.0 |
| 006 - FIXED-LENGTH DATA ELEMENTS--ADDITIONAL MATERIAL CHARACTERISTICS |
| fixed length control field |
m d |
| 007 - PHYSICAL DESCRIPTION FIXED FIELD--GENERAL INFORMATION |
| fixed length control field |
cr un||||||||| |
| 008 - FIXED-LENGTH DATA ELEMENTS--GENERAL INFORMATION |
| fixed length control field |
100712s2001 ne a ob 000 0 eng d |
| 020 ## - INTERNATIONAL STANDARD BOOK NUMBER |
| International Standard Book Number |
9781849501101 (electronic bk.) : |
| Terms of availability |
£72.95 ; € 106.95 ; $135.95 |
| 020 ## - INTERNATIONAL STANDARD BOOK NUMBER |
| International Standard Book Number |
1849501106 (electronic bk.) : |
| Terms of availability |
£72.95 ; € 106.95 ; $135.95 |
| 020 ## - INTERNATIONAL STANDARD BOOK NUMBER |
| Canceled/invalid ISBN |
0762307951 (hbk.) |
| 020 ## - INTERNATIONAL STANDARD BOOK NUMBER |
| Canceled/invalid ISBN |
9780762307951 (hbk.) |
| 040 ## - CATALOGING SOURCE |
| Original cataloging agency |
ZJC |
| Language of cataloging |
eng |
| Transcribing agency |
ZJC |
| Modifying agency |
ZJC |
| 050 14 - LIBRARY OF CONGRESS CALL NUMBER |
| Classification number |
HD62.4 |
| Item number |
.R43 2001 |
| 072 #7 - SUBJECT CATEGORY CODE |
| Subject category code |
KJK |
| Source |
bicssc |
| 072 #7 - SUBJECT CATEGORY CODE |
| Subject category code |
JFFS |
| Source |
bicssc |
| 072 #7 - SUBJECT CATEGORY CODE |
| Subject category code |
BUS035000 |
| Source |
bisacsh |
| 080 ## - UNIVERSAL DECIMAL CLASSIFICATION NUMBER |
| Universal Decimal Classification number |
339.5 |
| 082 04 - DEWEY DECIMAL CLASSIFICATION NUMBER |
| Classification number |
658/.049 |
| Edition number |
22 |
| 245 00 - TITLE STATEMENT |
| Title |
Reassessing the internationalization of the firm |
| Medium |
[electronic resource] / |
| Statement of responsibility, etc. |
edited by Catherine N. Axinn, Paul Matthyssens. |
| 260 ## - PUBLICATION, DISTRIBUTION, ETC. |
| Place of publication, distribution, etc. |
Amsterdam ; |
| -- |
New York : |
| Name of publisher, distributor, etc. |
JAI, |
| Date of publication, distribution, etc. |
2001. |
| 300 ## - PHYSICAL DESCRIPTION |
| Extent |
1 online resource (ix, 275 p. : |
| Other physical details |
ill.) |
| 490 1# - SERIES STATEMENT |
| Series statement |
Advances in international marketing, |
| International Standard Serial Number |
1474-7979 ; |
| Volume/sequential designation |
v. 11 |
| 504 ## - BIBLIOGRAPHY, ETC. NOTE |
| Bibliography, etc. note |
Includes bibliographical references. |
| 505 0# - FORMATTED CONTENTS NOTE |
| Formatted contents note |
Preface / S. Tamer Cavusgil -- Reframing internationalization theory: an introduction / Catherine N. Axinn, Paul Matthyssens -- Internationalization and the multinational enterprise: development of a research tradition / Christine J. Weisfelder -- Conceptual frameworks on SMEs' internationalization: past, present and future trends of research / Alex Rialp, Josep Rialp -- Patterns of internationalization of Brazilian firms and the decision to establish subsidiaries abroad / Antonio Barretto, Angela da Rocha -- Market entry and international technology transfer: a case analysis of ten U.S. high-tech firms in China and Southeast Asia / Roger (Rongxin) Chen, Mark V. Cannice, John D. Daniels -- Internationalization reconsidered: new imperatives for successful growth / Philip M. Rosenzweig, Janet L. Shaner -- Firm internationalization and economic performance: a conceptual synthesis and an empirical assessment of the Chinese experience / Mingfang Li -- A generation perspective on small firm internationalization: from traditional exporters and flexible specialists to born globals / Arild Aspelund, Øystein Moen -- The internationalization of industrial purchasing: the example of small Danish manufacturers / Per Servais, Jan Moller Jensen -- Toward a (more) dynamic theory of internationalization: international market withdrawal as empirical extreme / Pieter Pauwels, Paul Matthyssens. |
| 520 ## - SUMMARY, ETC. |
| Summary, etc. |
As the international behaviour of firms changes, so too must the theories used to describe, explain and predict that behaviour change. This volume is conceived as an exploration of the evolving nature of internationalization in the context of shifting environmental forces in an effort to: highlight the nature of firms' changing behaviours; explore the potential reasons for those changes; and propose new perspectives from which a more contemporary theory of internationalization can be developed. The papers in this volume examine the internationalization behaviour of a wide range of firms, from MNCs to SMEs, including firms from both developed and emerging economies. Consideration is given to the rapid internationalization of "born global" firms, to inward as well as outward internationalization and to the dynamic nature of internationalization at the beginning of the 21st century. |
| 588 ## - SOURCE OF DESCRIPTION NOTE |
| Source of description note |
Description based on print version record. |
| 650 #0 - SUBJECT ADDED ENTRY--TOPICAL TERM |
| Topical term or geographic name entry element |
International business enterprises |
| General subdivision |
Management. |
| 650 #0 - SUBJECT ADDED ENTRY--TOPICAL TERM |
| Topical term or geographic name entry element |
Export marketing. |
| 650 #0 - SUBJECT ADDED ENTRY--TOPICAL TERM |
| Topical term or geographic name entry element |
Competition, International. |
| 650 #7 - SUBJECT ADDED ENTRY--TOPICAL TERM |
| Topical term or geographic name entry element |
International business. |
| Source of heading or term |
bicssc |
| 650 #7 - SUBJECT ADDED ENTRY--TOPICAL TERM |
| Topical term or geographic name entry element |
Globalization. |
| Source of heading or term |
bicssc |
| 650 #7 - SUBJECT ADDED ENTRY--TOPICAL TERM |
| Topical term or geographic name entry element |
Business & Economics |
| General subdivision |
International |
| -- |
General. |
| Source of heading or term |
bisacsh |
| 700 1# - ADDED ENTRY--PERSONAL NAME |
| Personal name |
Axinn, Catherine Nancy. |
| 700 1# - ADDED ENTRY--PERSONAL NAME |
| Personal name |
Matthyssens, Paul. |
| 776 08 - ADDITIONAL PHYSICAL FORM ENTRY |
| Relationship information |
Print version: |
| Title |
Reassessing the internationalization of the firm. |
| Edition |
1st ed. |
| Place, publisher, and date of publication |
Amsterdam ; New York : JAI, 2001 |
| International Standard Book Number |
0762307951 |
| Record control number |
(DLC) 2001041348 |
| -- |
(OCoLC)47140796 |
| 830 #0 - SERIES ADDED ENTRY--UNIFORM TITLE |
| Uniform title |
Advances in international marketing ; |
| Volume/sequential designation |
v. 11. |
| 856 40 - ELECTRONIC LOCATION AND ACCESS |
| Uniform Resource Identifier |
<a href="https://www.emerald.com/insight/publication/doi/10.1016/S1474-7979(2001)11">https://www.emerald.com/insight/publication/doi/10.1016/S1474-7979(2001)11</a> |
| 913 ## - |
| -- |
BMEbacklist |